Welcome to CU Library Online Public Access Catalogue (OPAC)

Counting what counts : (Record no. 6730)

MARC details
000 -LEADER
fixed length control field 00755cam a2200205 a 4500
001 - CONTROL NUMBER
control field 3091656
005 - DATE AND TIME OF LATEST TRANSACTION
control field 20250627105929.0
008 - FIXED-LENGTH DATA ELEMENTS--GENERAL INFORMATION
fixed length control field 981221s1999 mau b 001 0 eng d
020 ## - INTERNATIONAL STANDARD BOOK NUMBER
International Standard Book Number 0738201065
050 00 - LIBRARY OF CONGRESS CALL NUMBER
Classification number HD2741
Item number .E67 1999
100 1# - MAIN ENTRY--PERSONAL NAME
Personal name Epstein, Marc J.
245 10 - TITLE STATEMENT
Title Counting what counts :
Remainder of title turning corporate accountability to competitive advantage /
Statement of responsibility, etc. Marc J. Epstein, Bill Birchard.
260 ## - PUBLICATION, DISTRIBUTION, ETC.
Place of publication, distribution, etc. Reading, Mass. :
Name of publisher, distributor, etc. Perseus Books,
Date of publication, distribution, etc. c1999.
300 ## - PHYSICAL DESCRIPTION
Extent xi, 307 p. ;
Dimensions 24 cm.
650 #0 - SUBJECT ADDED ENTRY--TOPICAL TERM
Topical term or geographic name entry element Corporate governance
Geographic subdivision United States.
650 #0 - SUBJECT ADDED ENTRY--TOPICAL TERM
Topical term or geographic name entry element Social responsibility of business
Geographic subdivision United States.
700 1# - ADDED ENTRY--PERSONAL NAME
Personal name Birchard, Bill.
856 42 - ELECTRONIC LOCATION AND ACCESS
Materials specified Publisher description
Uniform Resource Identifier <a href="http://www.loc.gov/catdir/enhancements/fy0832/98083197-d.html">http://www.loc.gov/catdir/enhancements/fy0832/98083197-d.html</a>
942 ## - ADDED ENTRY ELEMENTS (KOHA)
Source of classification or shelving scheme Library of Congress Classification
Koha item type Books
Suppress in OPAC No
999 ## -
-- 6730
-- 6730
Holdings
Withdrawn status Lost status Source of classification or shelving scheme Damaged status Not for loan Collection Home library Current library Shelving location Date acquired Total checkouts Full call number Barcode Date last seen Copy number Price effective from Koha item type
    Library of Congress Classification     Non-fiction Graduate Library (Christ Temple) Graduate Library (Christ Temple) General stacks 06/27/2025   HD 2741.E67 EPS GSCT00001680 06/27/2025 1 06/27/2025 Books
© 2023-2024 Copyright: Central University Libraries. All Rights Reserved | Created by: Mahone Tech Office